000 00673nam a22001817a 4500
999 _c5400
_d5400
003 AR-CdUCM
008 190312b ||||| |||| 00| 0 eng d
040 _aMUNICIPALIDAD PROVINCIAL DEL CUSCO
_cBIBLIOTECA MUNICIPAL DEL CUSCO
082 _a170 /
_bS47
245 _aÉtica Marxista /
260 _aBuenos Aires :
_bCartago,
_c1966
300 _a452 páginas ;
_c20 cm.
505 _aContenido: El marxismo y las doctrinas éticas del pasado -- Interpretación materialista de la historia y de la moral -- la libertad,la necesidad y el ideal moral ...
650 _aÉtica marxista
_916278
650 _aProblemas de ética
_916279
942 _2ddc
_cLIBROS
945 _aAndy